000 00367nam a2200145Ia 4500
008 230917s9999||||xx |||||||||||||| ||und||
040 _e64344
_aMAIN
041 _aEnglish
082 _a150 A35P
100 _aAbelson, Raziel
245 0 _aPersons: A study in philosophical Psychology
260 _aLondon
_bMacmillan
_c1977
300 _axiv, 137 p.
942 _cBK
999 _c203129
_d203129